000 00739nam a2200229Ia 4500
003 OSt
005 20220925234335.0
006 a|||||r|||| 00| 0
007 ta
008 220923b |||||||| |||| 00| 0 eng d
020 _a8177371134
_c590.75
037 _b073, 01/07/2010, Om Book Distributors
_cGeneral Book
040 _aRTL
_cRTL
_beng
041 _2eng
_aeng
082 _aX62:8J, P8/TD
245 0 _aBHARAT'S COMPREHENSIVE guide to statutory audit of banks by D P Gupta and R K Gupta.
260 _a New Delhi
_bBharat Law House
_c2008
300 _a48, S-280, 738p
_ccm.
650 _aCommerce
942 _hX62:8J, P8/TD
_cGB
_2CC
999 _c595415
_d595415